000 01230cam a2200301 a 4500
001 000014521
005 20200929163850.0
008 840314t19721971mx a b 000 0 spa
010 _a84133931
040 _aDO-SdBNP
_cDLC
_dDLC
041 1 _aspaeng
043 _ad------
050 0 0 _aHB884
_b.P665518 1972
130 0 _aPopulation growth and economic development.
_lSpanish.
_932847
245 1 0 _aCrecimiento de poblacion y desarrollo economico /
_c[traductor, Modesto Rodriguez de la Torre].
250 _a1a ed.
260 _aMexico :
_bEditorial Diana,
_c1972, c1971.
300 _a213 p. :
_bill. ;
_c23 cm.
500 _aTranslation of: Population growth and economic development.
500 _aAt head of title: TEMPO, Centro de Estudios Avanzados de la Compania General Electric.
504 _aBibliography: p. 205-207.
651 0 _aDeveloping Countries
_xPopulation
_xEconomic Aspects
_xMathematical Models.
_932848
651 0 _aDeveloping Countries
_xPopulation
_xEconomic Aspects.
_932849
651 0 _aDeveloping Countries
_xPopulation Policy.
_932850
710 2 _aGeneral Electric Company.
_bTechnical Military Planning Operation.
_932851
910 _aCatalogación derivada
082 0 0 _a304.6/09172/4
_219
999 _c14110
_d14110